00225nam a2200097Ia 4500008004100000041000800041100000900049245004000058650001000098999001900108230605s9999 xx 000 0 und d aeng ajohn aOxford a-z of grammer & punctuation aDict. c417346d417346